| 000 | 00850nab a2200253 u 4500 | ||
|---|---|---|---|
| 001 | 10462 | ||
| 003 | HDC | ||
| 007 | cr bn ---aaaaa | ||
| 008 | 210204b20122012my d||ne |||| 00| 0 may d | ||
| 040 | _aHDC | ||
| 110 | _aUtusan Malaysia | ||
| 245 | 0 |
_aMAHA 2012 berjaya lepas sasaran jualan _c/ Farah Marshita Abdul Patah |
|
| 260 |
_aMalaysia: _bMedia Mulia, _c2012 |
||
| 300 | _a1 online resource | ||
| 336 |
_atext _2rdacontent |
||
| 337 |
_acomputer _2rdamedia |
||
| 338 |
_aonline resource _2rdacarrier |
||
| 650 |
_aEcotourism _zMalaysia _xExhibition _910718 |
||
| 700 |
_aFarah Marshita Abdul Patah _910719 |
||
| 856 | _zRequest full-text at [email protected] | ||
| 942 | _2lcc | ||
| 942 | _cNEWS | ||
| 942 | _kNWSC 000408 | ||
| 999 |
_c7785 _d7785 |
||